Loading...
| History - American | 0 | 5 | 1 | 0 | 45 | 12 | 61.80 | 0 | 2 | 0.00 | 0.00 |
| History - World | 0 | 4 | 1 | 2 | 35 | 64 | 113.50 | 0 | 0 | 0.00 | 0.00 |
| Science - Biology | 0 | 3 | 0 | 1 | 30 | 50 | 84.00 | 0 | 1 | 0.00 | 0.00 |
| Social Science | 0 | 2 | 0 | 0 | 20 | 72 | 76.00 | 0 | 0 | 0.00 | 0.00 |
| History - European | 0 | 2 | 0 | 0 | 20 | 76 | 94.00 | 0 | 0 | 0.00 | 0.00 |
| History - Other | 0 | 2 | 0 | 0 | 20 | 77 | 95.00 | 0 | 0 | 0.00 | 0.00 |
| Mythology | 0 | 1 | 0 | 1 | 10 | 133 | 133.00 | 0 | 0 | 0.00 | 0.00 |
| Fine Arts - Other | 0 | 1 | 0 | 0 | 10 | 114 | 114.00 | 0 | 0 | 0.00 | 0.00 |
| Philosophy | 0 | 1 | 0 | 0 | 10 | 26 | 26.00 | 1 | 1 | 0.00 | 0.00 |
| Popular Culture | 0 | 1 | 0 | 1 | 10 | 143 | 143.00 | 0 | 0 | 0.00 | 0.00 |
| Science - Chemistry | 0 | 1 | 0 | 0 | 10 | 70 | 70.00 | 0 | 0 | 0.00 | 0.00 |
| Current Events | 0 | 1 | 1 | 0 | 5 | 81 | 81.00 | 0 | 0 | 0.00 | 0.00 |